| 000 | 00554nam a22001337a 4500 | ||
|---|---|---|---|
| 082 |
_a891.4391 _bFAR |
||
| 245 |
_aJosh Malih Abadi :Malih Abad sy Islamabad Tak / _bBy: Farrukh Jamal Malih Abadi |
||
| 260 |
_aاسلام آباد: _bپورب اکیڈمی , _c2014 |
||
| 300 | _a128p.; | ||
| 563 | _aHardcover | ||
| 880 |
_6100-01\r _aفرخ جمال ملیح آبادی |
||
| 880 |
_6245-02\r _aجوش ملیح آبادی "ملیح آباد سے اسلام آباد تک: رودادِ سفر، ملازمتیں اور قیام گاہیں |
||
| 942 |
_2ddc _cBK |
||
| 999 |
_c613063 _d613063 |
||